000 01119nac a22002531u 4500
008 090707t xxu||||| |||| 00| 0 eng d
010 _a99076978
020 _a0030258723
020 _a0030101999
082 0 0 _a658.15
_bWES
100 _aWeston, J. Fred
_97691
245 1 0 _aEssentials of Managerial Finance /
_cJ. Fred Weston,Scott Besley, Eugene F. Brigham.
250 _a11th ed.
_binternational edition
260 _aFort Worth :
_bDryden Press,
_cc1996.
300 _axxxiii, 788p. :
_bcol. ill. ;
_c26 cm.
440 4 _aThe Dryden Press series in finance
_97692
504 _aIncludes bibliographical references and index.
650 0 _aCorporations
_xFinance.
_97693
700 1 _aBrigham, Eugene F.,
_d1930-
_97694
700 1 _aBesley, Scott
_97695
942 _cBB
_k658.15 WES
_2ddc
999 _c4629
_d4629